000 00765nam a2200253 a 4500
001 51494
003 BD-RjUL
005 20211209075653.0
008 160831s1967 nyu||||| |||| 001 0 eng d
035 _a(BD-RjUL)51614
040 _aBD-RjUL
_beng
_cBD-RjUL
041 _aeng
082 _223
_a519.2
_bPAP 1967
100 1 _aParthasarathy, K. R.
_9153971
245 1 0 _aProbability measures on metric spaces /
_cK R Parthasarathy
260 _aNew York :
_bAcademic Press,
_c1967.
300 _axi, 276 p. ;
_c24 cm.
490 _aA series of monographs and textbooks
500 _aInclude index
650 _aProbability measures.
_9153972
650 _aMetric spaces.
_9138258
830 _aA series of monographs and textbooks
_9153973
942 _2ddc
_cBK
999 _c51494
_d51494